Calibración y modelación hidrológica para el control de inundaciones en la Cuenca del Río Turrialba, utilizando el HEC-HMS

Αποθηκεύτηκε σε:
Λεπτομέρειες βιβλιογραφικής εγγραφής
Κύριος συγγραφέας: Rojas González, Alejandra
Μορφή: Βιβλίο
Έκδοση: San José, C.R. 2000
Θέματα:
Ετικέτες: Προσθήκη ετικέτας
Δεν υπάρχουν, Καταχωρήστε ετικέτα πρώτοι!

MARC

LEADER 00000nam a2200000Ia 4500
003 008710
005 20221231144202.0
008 140114s2000 cr a m 000 ||s d
040 |c cru CEDI 
090 |a TFG 4300 
100 |a Rojas González, Alejandra   |9 7815 
245 |a Calibración y modelación hidrológica para el control de inundaciones en la Cuenca del Río Turrialba, utilizando el HEC-HMS  
260 |c 2000  |a  San José, C.R. 
300 |a  v, 94, (46) hojas : ilustraciones (algunas a color)., 1 mapa color  
500 |a  Proyecto de graduación (licenciatura en ingeniería agrícola)--Universidad de Costa Rica. Facultad de Ingeniería. Escuela de Ingeniería Agrícola,  
650 |x CONTROL DE INUNDACIONES   |x SISTEMAS DE INFORMACION GEOGRAFICA   |x CAUCE DE LOS RIOS  |9 7816 
942 |c TFG 
999 |c 18138  |d 18138